Central Library OPAC University of Rajshahi

The listener's history of music : (Record no. 77075)

MARC details
000 -LEADER
fixed length control field 01370cam a22003012 4500
001 - CONTROL NUMBER
control field 77075
003 - CONTROL NUMBER IDENTIFIER
rucl marc code BD-RjUL
005 - DATE AND TIME OF LATEST TRANSACTION
control field 20211209082925.0
008 - FIXED-LENGTH DATA ELEMENTS--GENERAL INFORMATION
fixed length control field 200220m19231929enka b 000 0 engd
035 ## - SYSTEM CONTROL NUMBER
System control number (BD-RjUL)77299
040 ## - CATALOGING SOURCE
Original cataloging agency DLC
Transcribing agency KSU
Modifying agency OCL
-- EQO
Language of cataloging eng
041 ## - LANGUAGE CODE
Language code of text/sound track or separate title eng
082 ## - DEWEY DECIMAL CLASSIFICATION NUMBER
Edition number 21
Classification number 780.9
Author mark and year SCL 1923
100 1# - MAIN ENTRY--PERSONAL NAME
Personal name Scholes, Percy A.,
Dates associated with a name 1877-1958.
9 (RLIN) 239633
245 14 - TITLE STATEMENT
Title The listener's history of music :
Remainder of title a book for any concert-goer, pianolist or gramophonist, providing also a course of study for adult classes in the appreciation of music /
Statement of responsibility, etc. by Percy A. Scholes.
260 ## - PUBLICATION, DISTRIBUTION, ETC. (IMPRINT)
Place of publication, distribution, etc. London ;
-- New York [etc.] :
Name of publisher, distributor, etc. Oxford University Press,
Date of publication, distribution, etc. 1923-1929.
300 ## - PHYSICAL DESCRIPTION
Pagination 3 v. :
Illustrations ill. ;
Size 20 cm.
500 ## - GENERAL NOTE
General note "General bibliography and ... hints on printed music and on gramophone records": v. 1, p. [175]-178. "Further reading upon the composer discussed in this book": v. 2, p. [215]-223; v. 3, p. [145]-147.
505 0# - FORMATTED CONTENTS NOTE
Formatted contents note I. To Beethoven.--II. The romantic and nationalist schools of the nineteenth century.--III. To the composers of to-day.
650 #0 - SUBJECT ADDED ENTRY--TOPICAL TERM
Topical term or geographic name as entry element Music
General subdivision History and criticism.
9 (RLIN) 239634
Topical term or geographic name as entry element Music
General subdivision Analysis, interpretation, appreciation.
9 (RLIN) 239635
942 ## - ADDED ENTRY ELEMENTS (KOHA)
Source of classification or shelving scheme Dewey Decimal Classification
Koha item type Books
Holdings
Lost status Source of classification or shelving scheme Damaged status Not for loan Collection code Permanent Location Current Location Shelving location Date acquired Total Checkouts Full call number Date last seen Copy number Koha item type
  Dewey Decimal Classification   Not For Loan Non-fiction Central Library, University of Rajshahi Central Library, University of Rajshahi Reading Room 20/02/2020   780.9 SCL 1923 V-1 20/02/2020 C-1 Books